Crossword - Country Shapes - Statistics

General Stats
  • This quiz has been taken 41,353 times
    38,842 since last reset
  • The average score is 19 of 26
Answer Stats
A/D Clue Answer % Correct
4. Across Chile
98%
3. Down India
97%
1. Down United Kingdom
97%
6. Down Egypt
96%
7. Across Iran
93%
2. Down Brazil
91%
15. Across Indonesia
91%
12. Down Mexico
91%
19. Across Oman
91%
9. Across Israel
86%
5. Down Honduras
84%
20. Down Peru
77%
10. Down Rwanda
73%
8. Across Poland
72%
2. Across Bolivia
71%
11. Down Haiti
70%
21. Across Mozambique
69%
8. Down Palau
65%
17. Down Fiji
63%
22. Across Czech Republic
61%
16. Down Samoa
59%
13. Across Suriname
54%
Mystery Country Argentina
48%
13. Down Singapore
48%
18. Across San Marino
44%
14. Down Zimbabwe
44%
No matching quizzes found
Score Distribution
Percent of People with Each Score
Percentile by Number Answered
Your Score History
You have not taken this quiz since the last reset